Cargando...
Russian economic reform at risk
| Autor principal: | |
|---|---|
| Formato: | Printed Book |
| Lenguaje: | English |
| Publicado: |
London, Pinter publishers
1995
|
| Materias: |
| LEADER | 005930000a22002050004500 | ||
|---|---|---|---|
| 015 | |a M | ||
| 020 | |a 1-85567-286-3 | ||
| 041 | |a eng | ||
| 082 | |a 336.243 150 947 N5 | ||
| 100 | |a Aslund, Anders |f Ed | ||
| 245 | |a Russian economic reform at risk | ||
| 260 | |a London, Pinter publishers | ||
| 260 | |c 1995 | ||
| 650 | |a Economics | ||
| 650 | |a Macro economics | ||
| 650 | |a Political economy | ||
| 650 | |a Russia | ||
| 942 | |c BK | ||
| 999 | |c 137483 |d 137479 | ||
| 952 | |0 0 |1 0 |4 0 |6 336_243000000000000_150_947_N5 |7 0 |9 136265 |a SIRP |b SIRP |d 2017-10-05 |l 0 |o 336.243 150 947 N5 |p SIRP03205 |r 2017-10-05 |w 2017-10-05 |y BK | ||